Disney Movies by Screen Cap - Statistics

General Stats
  • This quiz has been taken 40 times
  • The average score is 18 of 44
Answer Stats
Picture Answer % Correct
Bambi
73%
Frozen
68%
Moana
68%
Tangled
68%
Aladdin
59%
Mulan
59%
Pinocchio
59%
Winnie the Pooh
59%
Hercules
55%
Tarzan
55%
The Aristocats
55%
Alice in Wonderland
50%
Cinderella
50%
Dumbo
50%
Encanto
50%
Peter Pan
50%
Pocahontas
50%
Wreck-it Ralph
50%
Beauty and the Beast
45%
Robin Hood
45%
The Princess and the Frog
45%
Snow White and the Seven Dwarfs
41%
Brother Bear
36%
Jungle Book
36%
Meet the Robinsons
36%
Sleeping Beauty
36%
The Emperor's New Groove
36%
Zootopia
36%
Fantasia
32%
Hunchback of Notre Dame
32%
The Lion King
32%
Treasure Planet
32%
Lilo and Stitch
27%
Sword in the Stone
27%
Atlantis: The Lost Empire
23%
Fox and the Hound
23%
Oliver and Company
23%
The Little Mermaid
23%
Chicken Little
18%
The Rescuers
18%
101 Dalmatians
14%
Ichabod and Mr. Toad
14%
Lady and the Tramp
14%
The Black Cauldron
9%
No matching quizzes found
Score Distribution
Percent of People with Each Score
Percentile by Number Answered
Your Score History
You have not taken this quiz